| 000 | 00472pam a2200169a 44500 | ||
|---|---|---|---|
| 008 | 230405s2005 xxu||||| |||| 00| 0 eng d | ||
| 020 |
_a0340809841 _cRs. 472.64 |
||
| 082 |
_a616.7 _bSOL |
||
| 100 | _aSolomon,Louis | ||
| 245 | _aApley's Concise System of Orthopaedics and Fractures | ||
| 250 | _a3 rd Ed. | ||
| 260 |
_aLondon _bHodder Arnold Publication _c2005 |
||
| 300 | _a406 p | ||
| 700 | _aNayagam,Selvadurai | ||
| 700 | _aWarwick,David J. | ||
| 906 | _a001001 | ||
| 999 |
_c249762 _d249762 |
||